Human resource management (Record no. 20131)

MARC details
000 -LEADER
fixed length control field 00542nam a2200193 a 4500
001 - CONTROL NUMBER
control field 157828
003 - CONTROL NUMBER IDENTIFIER
control field OSt
005 - DATE AND TIME OF LATEST TRANSACTION
control field 20211230102730.0
008 - FIXED-LENGTH DATA ELEMENTS--GENERAL INFORMATION
fixed length control field 200629 ### ENG
020 ## - INTERNATIONAL STANDARD BOOK NUMBER
International Standard Book Number 9789352862658
082 ## - DEWEY DECIMAL CLASSIFICATION NUMBER
Classification number 658.3
Item number D47H
100 ## - MAIN ENTRY--PERSONAL NAME
Personal name Dessler, Gary
245 ## - TITLE STATEMENT
Title Human resource management
Statement of responsibility, etc by Gary Dessler and Biju Varkkey
260 ## - PUBLICATION, DISTRIBUTION, ETC. (IMPRINT)
Place of publication, distribution, etc Utter Pradesh; India
Name of publisher, distributor, etc Pearson India Education Services Pvt Ltd.
Date of publication, distribution, etc 2018
300 ## - PHYSICAL DESCRIPTION
Extent xxxvi; 654p.
653 ## - INDEX TERM--UNCONTROLLED
Uncontrolled term Personnel management
700 ## - ADDED ENTRY--PERSONAL NAME
Personal name Varkkey, Biju
942 ## - ADDED ENTRY ELEMENTS (KOHA)
Source of classification or shelving scheme Dewey Decimal Classification
Koha item type Books
Holdings
Withdrawn status Lost status Source of classification or shelving scheme Damaged status Not for loan Collection code Home library Current library Date acquired Source of acquisition Total Checkouts Full call number Barcode Date last seen Date checked out Price effective from Koha item type
    Dewey Decimal Classification     General Text Book Central University Of Rajasthan Central University Of Rajasthan 29/06/2020 UGC-NET 4 658.3 D47H 33751 26/03/2026 17/03/2026 02/09/2020 Books